| 000 | 00892nam a22002897a 4500 | ||
|---|---|---|---|
| 001 | 7728 | ||
| 003 | FISKH | ||
| 005 | 20250801140453.0 | ||
| 008 | 250801b cb ||||| |||| 00| 0 eng d | ||
| 020 | _a9780064431231 | ||
| 040 |
_aFISKH _beng _cFISKH _dFISKH |
||
| 050 | _aPZ7.A5875 A | ||
| 082 | _a513.211 | ||
| 100 |
_aAnno, Mitsumasa _d(1926–2020) |
||
| 245 |
_aAnno's counting book / _cMitsumasa Anno |
||
| 250 | _aThis edition first published in 1926 | ||
| 260 |
_aNew York : _bHarperCollin, _c1926 |
||
| 300 |
_a26 unnumbered pages : _bcolor illustrations ; _c24 x 26 cm |
||
| 505 | _aE | ||
| 520 | _aA counting book depicting the growth in a village and surrounding countryside during twelve months. | ||
| 521 | 8 |
_a200
_bLexile |
|
| 521 | 8 |
_aE
_bRaz-Plus |
|
| 650 |
_2Seasons _aWordless |
||
| 650 |
_2Counting _aNumbers |
||
| 942 |
_2ddc _cBK _n0 |
||
| 999 |
_c7728 _d7728 |
||